Antropología industrial y de la empresa /

Obra interdisciplinaria que pretende cubrir, establecer y definir el campo de la actuación de la antropología industrial y de la empresa de manera que aborda algunas de las principales aportaciones históricas de la antropología, desde la tradición norteamericana que es en buena medida la el hilo con...

Ausführliche Beschreibung

Gespeichert in:
Bibliographische Detailangaben
1. Verfasser: Roca Girona, Jordi (autor)
Format: Buch
Sprache:Spanisch
Veröffentlicht: Barcelona, España : Ariel, 1998, c1998
Schriftenreihe:(Ariel Antropología)
Schlagworte:
Tags: Tag hinzufügen
Keine Tags, Fügen Sie das erste Tag hinzu!

MARC

LEADER 00000nam^a2200000^a^4500
001 000182809
005 20250521000000.0
009 20260310102020.727
020 |a 84-344-2213-1 
037 |a Acervo ITESO - Biblioteca 
041 |a ESP 
082 |a 306. 3  |b ROC 
100 |a Roca Girona, Jordi  |e (autor) 
245 1 0 |a Antropología industrial y de la empresa /  |c J. Roca Girona. 
264 4 |a Barcelona, España :  |b Ariel,  |c 1998, c1998 
300 |a 204 p. 
336 |a texto  |b txt  |2 rdacontenido 
337 |a sin mediación  |b n  |2 rdamedio 
338 |a volumen  |b nc  |2 rdasoporte 
440 1 |a (Ariel Antropología) 
520 |a Obra interdisciplinaria que pretende cubrir, establecer y definir el campo de la actuación de la antropología industrial y de la empresa de manera que aborda algunas de las principales aportaciones históricas de la antropología, desde la tradición norteamericana que es en buena medida la el hilo conductor de esta historia, se incluyen las interessantes realizaciones de la antropología mexicana y de algunos otros países de la Europa occidental. 
649 |a XX 
650 |a Sociedad Industrial 
650 |a Antropología 
650 |a Sociología de la Economía 
910 |a Fondo General 
920 |a Impresos - Libros 
930 |a Colección General 
905 |a 101 
901 |a 0500122768  |b IT1  |c ACC  |u 20250521 
902 |a https://opac.biblio.iteso.mx/vufind/Record/000182809